[Event "Catalunya-chT Gp2 Final"]
[Site "Barcelona"]
[Date "2023.03.18"]
[Round "2.2"]
[White "Perez Mitjans, Orelvis"]
[Black "Barbero Sendic, Alejandro"]
[Result "1-0"]
[WhiteElo "2319"]
[BlackElo "2330"]
[PlyCount "59"]
[EventDate "2023.03.11"]
[EventType "team-k.o."]
[EventRounds "4"]
[EventCountry "ESP"]
[SourceTitle "EXT 2024"]
[Source "ChessBase"]
[SourceDate "2023.10.10"]
[SourceVersion "1"]
[SourceVersionDate "2023.10.10"]
[SourceQuality "1"]
[WhiteTeam "Badalona Cor de Marina"]
[BlackTeam "Sant Andreu"]
[WhiteTeamCountry "ESP"]
[BlackTeamCountry "ESP"]

1. e4 c5 2. Nf3 g6 3. d4 cxd4 4. Qxd4 Nf6 5. Nc3 Nc6 6. Qa4 d6 7. e5 dxe5 8. Nxe5 Bg7 9. Bc4 0-0 10. Nxc6 bxc6 11. 0-0 Qc7 12. h3 e5 13. Be3 Bf5 14. Rfd1 Nd7 15. Bb3 Nb6 16. Qa5 Qb7 17. Rd2 Be6 18. Bxe6 fxe6 19. b3 Nd5 20. Ne4 Qf7 21. Rad1 Qf5 22. Ng3 Qf6 23. c4 Nxe3 24. fxe3 Qh4 25. Kh2 e4 26. Rd7 Bf6 27. Rb7 Rad8 28. Rxd8 Rxd8 29. Rxa7 Rf8 30. Qc7 1-0

[Event "Badalona op 46th"]
[Site "Badalona"]
[Date "2022.08.08"]
[Round "7"]
[White "Perez Mitjans, Orelvis"]
[Black "Cruz Estrada, Filemon"]
[Result "0-1"]
[WhiteElo "2383"]
[BlackElo "2316"]
[PlyCount "73"]
[EventDate "2022.08.02"]
[EventType "swiss"]
[EventRounds "9"]
[EventCountry "ESP"]
[SourceTitle "CBM 209 Extra"]
[Source "ChessBase"]
[SourceDate "2022.09.30"]
[SourceVersion "1"]
[SourceVersionDate "2022.09.30"]
[SourceQuality "1"]

1. e4 e6 2. d4 d5 3. Nd2 Nf6 4. e5 Nfd7 5. f4 c5 6. c3 Nc6 7. Ndf3 Qb6 8. h4 h5 9. Nh3 g6 10. Nhg5 cxd4 11. cxd4 Bb4+ 12. Kf2 f6 13. exf6 Nxf6 14. Bd3 0-0 15. Bxg6 Kg7 16. Bc2 e5 17. fxe5 Ne4+ 18. Nxe4 dxe4 19. Bxe4 Nxe5 20. Rf1 Bd7 21. Kg1 Bb5 22. Rf2 Ng4 23. Rc2 Qd6 24. Bg5 Ba5 25. a4 Ba6 26. Bd3 Rae8 27. Bxa6 bxa6 28. Re2 Qg3 29. Rxe8 Rxe8 30. Qc2 Bb6 31. Qd2 Re4 32. Rc1 Bxd4+ 33. Kf1 Nh2+ 34. Nxh2 Qxh2 35. Bf6+ Bxf6 36. Qd7+ Be7 37. Rc3 0-1

[Event "Catalunya-chT Gp1"]
[Site "Barcelona"]
[Date "2022.01.29"]
[Round "2.1"]
[White "Perez Mitjans, Orelvis"]
[Black "Aguero Jimenez, Luis Lazaro"]
[Result "0-1"]
[WhiteElo "2409"]
[BlackElo "2503"]
[PlyCount "82"]
[EventDate "2022.01.22"]
[EventType "team-tourn"]
[EventRounds "9"]
[EventCountry "ESP"]
[SourceTitle "CBM 206 Extra"]
[Source "ChessBase"]
[SourceDate "2022.03.31"]
[SourceVersion "1"]
[SourceVersionDate "2022.03.31"]
[SourceQuality "1"]
[WhiteTeam "Badalona Cor de Marina"]
[BlackTeam "Sant Cugat"]
[WhiteTeamCountry "ESP"]
[BlackTeamCountry "ESP"]

1. e4 c5 2. Nf3 e6 3. Nc3 a6 4. g3 b5 5. Bg2 Bb7 6. d3 d6 7. 0-0 Nd7 8. Ng5 b4 9. Ne2 h6 10. Nh3 Ngf6 11. f4 d5 12. e5 Ng4 13. c3 Qb6 14. d4 a5 15. Nf2 h5 16. Nxg4 hxg4 17. Be3 f5 18. exf6 gxf6 19. f5 e5 20. a3 cxd4 21. cxd4 Bh6 22. Bxh6 Rxh6 23. axb4 Qxb4 24. Nc3 Qxb2 25. Rc1 Rc8 26. Qxg4 Qd2 27. Qg7 Qe3+ 28. Kh1 Qg5 29. Qxg5 fxg5 30. Nxd5 Rxc1 31. Rxc1 Bxd5 32. Bxd5 Rd6 33. Bc6 exd4 34. Kg2 d3 35. Kf2 d2 36. Bxd7+ Rxd7 37. Rd1 g4 38. Ke3 a4 39. Kf4 a3 40. Kxg4 a2 41. Kg5 Rb7 0-1

[Event "Barcelona GM 5th"]
[Site "Barcelona"]
[Date "2021.07.09"]
[Round "4"]
[White "Perez Mitjans, Orelvis"]
[Black "Rodriguez Lopez, Rafael"]
[Result "1/2-1/2"]
[WhiteElo "2408"]
[BlackElo "2205"]
[PlyCount "87"]
[EventDate "2021.07.06"]
[EventType "tourn"]
[EventRounds "9"]
[EventCountry "ESP"]
[EventCategory "6"]
[SourceTitle "CBM 203 Extra"]
[Source "ChessBase"]
[SourceDate "2021.09.30"]
[SourceVersion "1"]
[SourceVersionDate "2021.09.30"]
[SourceQuality "1"]

1. e4 c5 2. Nc3 d6 3. f4 g6 4. Nf3 Bg7 5. Bc4 Nc6 6. 0-0 Nf6 7. d3 0-0 8. Bb3 Bg4 9. h3 Bxf3 10. Qxf3 Nd4 11. Qf2 e6 12. Be3 Nd7 13. Kh1 b5 14. Nd1 a5 15. c3 a4 16. Bc2 Nxc2 17. Qxc2 b4 18. a3 b3 19. Qd2 f5 20. c4 Nb8 21. exf5 exf5 22. Nc3 Nc6 23. Nd5 Ne7 24. Nc3 Nc6 25. Nb5 Re8 26. Rae1 Qd7 27. Bf2 Rad8 28. d4 Rxe1 29. Rxe1 cxd4 30. Nxd4 Bxd4 31. Bxd4 d5 32. Bf6 Rf8 33. cxd5 Rxf6 34. Qc3 Rd6 35. dxc6 Qxc6 36. Qb4 Kf7 37. Re5 Re6 38. Ra5 Re2 39. Ra7+ Kg8 40. Qb8+ Re8 41. Qb4 Re2 42. Qb8+ Re8 43. Qb4 Re2 44. Qb8+ 1/2-1/2

[Event "Barcelona IM 15th"]
[Site "Barcelona"]
[Date "2021.05.10"]
[Round "7"]
[White "Valenzuela Gomez, Fernando Alberto"]
[Black "Perez Mitjans, Orelvis"]
[Result "1-0"]
[WhiteElo "2413"]
[BlackElo "2406"]
[PlyCount "109"]
[EventDate "2021.05.03"]
[EventType "tourn"]
[EventRounds "9"]
[EventCountry "ESP"]
[EventCategory "3"]
[SourceTitle "CBM 202 Extra"]
[Source "ChessBase"]
[SourceDate "2021.07.31"]
[SourceVersion "1"]
[SourceVersionDate "2021.07.31"]
[SourceQuality "1"]

1. e4 c5 2. Nf3 d6 3. d4 cxd4 4. Nxd4 Nf6 5. Nc3 g6 6. Be3 Bg7 7. f3 0-0 8. Qd2 Nc6 9. 0-0-0 d5 10. exd5 Nxd5 11. Nxc6 bxc6 12. Bd4 Bxd4 13. Qxd4 Qb6 14. Na4 Qc7 15. Bc4 Rb8 16. a3 Nb6 17. Nc5 Nxc4 18. Qxc4 Qe5 19. Qd4 Qg5+ 20. Rd2 Bf5 21. Rhd1 Rbd8 22. Qc3 Rd5 23. Nb3 e5 24. Kb1 h5 25. Qxc6 Rxd2 26. Rxd2 Qe3 27. Qc3 Qg1+ 28. Nc1 e4 29. fxe4 Bxe4 30. g3 Bf5 31. Qe5 Rc8 32. b3 Kh7 33. Kb2 Qh1 34. Qf6 Rc7 35. Qe5 Qc6 36. c4 Rc8 37. Qd5 Qf6+ 38. Qd4 Qg5 39. Na2 Qe7 40. Nc3 Qe1 41. Rd1 Qe6 42. Qxa7 g5 43. Qd4 Bg6 44. h4 Qf5 45. Qd2 g4 46. a4 Re8 47. Re1 Rb8 48. Nd5 Qf3 49. Qc3 Qf2+ 50. Ka3 Bc2 51. b4 Bxa4 52. Qd3+ Kh8 53. Qe3 Qxe3+ 54. Rxe3 Bc6 55. Nf6 1-0

[Event "Barcelona IM 15th"]
[Site "Barcelona"]
[Date "2021.05.09"]
[Round "6"]
[White "Perez Mitjans, Orelvis"]
[Black "Hernandez, Cristian Andres"]
[Result "1/2-1/2"]
[WhiteElo "2406"]
[BlackElo "2370"]
[PlyCount "127"]
[EventDate "2021.05.03"]
[EventType "tourn"]
[EventRounds "9"]
[EventCountry "ESP"]
[EventCategory "3"]
[SourceTitle "CBM 202 Extra"]
[Source "ChessBase"]
[SourceDate "2021.07.31"]
[SourceVersion "1"]
[SourceVersionDate "2021.07.31"]
[SourceQuality "1"]

1. e4 c5 2. Nf3 d6 3. d4 Nf6 4. Nc3 cxd4 5. Nxd4 a6 6. Be2 e5 7. Nf3 h6 8. 0-0 Be7 9. Re1 0-0 10. Nd2 b5 11. a4 b4 12. Nd5 Nxd5 13. exd5 a5 14. Bb5 Qc7 15. Nc4 Bd7 16. b3 Qb7 17. Bxd7 Nxd7 18. f4 Nb6 19. fxe5 Nxc4 20. bxc4 dxe5 21. Bb2 f6 22. Kh1 Bd6 23. Qd3 Rac8 24. Re4 Rc5 25. Rf1 Qd7 26. g4 Rfc8 27. Bc1 Qc7 28. Be3 Rxc4 29. Bb6 Rc3 30. Bxc7 Rxd3 31. cxd3 Rxc7 32. Rc4 Rxc4 33. dxc4 Kf7 34. Kg2 g6 35. Kf3 f5 36. Ke2 Kf6 37. gxf5 gxf5 38. c5 Bxc5 39. Rc1 Bd4 40. Kd3 Bc3 41. Kc4 e4 42. Kc5 f4 43. d6 Kf5 44. d7 Bf6 45. Kd5 f3 46. Rc8 f2 47. Rf8 f1Q 48. Rxf6+ Kxf6 49. d8Q+ Kg6 50. Qg8+ Kh5 51. Qe8+ Kg5 52. Qg8+ Kh4 53. Qg3+ Kh5 54. Qe5+ Kg6 55. Qg3+ Kh7 56. Qc7+ Kg8 57. Qg3+ Kf7 58. Qc7+ Kf6 59. Qd6+ Kg5 60. Qg3+ Kf6 61. Qd6+ Kf7 62. Qc7+ Kg8 63. Qg3+ Kf8 64. Qb8+ 1/2-1/2

[Event "Barcelona IM 15th"]
[Site "Barcelona"]
[Date "2021.05.05"]
[Round "3"]
[White "Papadiamandis, Elliot"]
[Black "Perez Mitjans, Orelvis"]
[Result "1/2-1/2"]
[WhiteElo "2333"]
[BlackElo "2406"]
[PlyCount "50"]
[EventDate "2021.05.03"]
[EventType "tourn"]
[EventRounds "9"]
[EventCountry "ESP"]
[EventCategory "3"]
[SourceTitle "CBM 202 Extra"]
[Source "ChessBase"]
[SourceDate "2021.07.31"]
[SourceVersion "1"]
[SourceVersionDate "2021.07.31"]
[SourceQuality "1"]

1. e4 c5 2. Nf3 e6 3. d4 cxd4 4. Nxd4 a6 5. Be2 Nf6 6. Nc3 Qc7 7. 0-0 Be7 8. Be3 0-0 9. f4 d6 10. Bf3 Nc6 11. Nb3 b5 12. Qd2 Bb7 13. Rae1 Rac8 14. Kh1 Nd7 15. Qf2 Na5 16. Nxa5 Qxa5 17. a3 b4 18. axb4 Qxb4 19. Bd4 e5 20. Nd5 Bxd5 21. Bc3 Qb5 22. exd5 Bf6 23. Be2 Qxd5 24. Bxa6 Rc7 25. Bd3 Nc5 1/2-1/2

[Event "Barcelona Primavera CE op"]
[Site "Barcelona"]
[Date "2021.04.24"]
[Round "1"]
[White "Perez Mitjans, Orelvis"]
[Black "Agapito Garrido, Bernat"]
[Result "1-0"]
[WhiteElo "2412"]
[BlackElo "1685"]
[PlyCount "47"]
[EventDate "2021.04.24"]
[EventType "swiss"]
[EventRounds "9"]
[EventCountry "ESP"]
[SourceTitle "EXT 2022"]
[Source "ChessBase"]
[SourceDate "2021.10.06"]
[SourceVersion "1"]
[SourceVersionDate "2021.10.06"]
[SourceQuality "1"]

1. e4 e5 2. Nf3 Nf6 3. Nxe5 d6 4. Nc4 Nxe4 5. Nc3 Nf6 6. d4 d5 7. Ne5 Bb4 8. a3 Ba5 9. b4 Bb6 10. Bg5 a5 11. Na4 0-0 12. Be2 Be6 13. 0-0 Nbd7 14. f4 c6 15. Nxd7 Bxd7 16. Bxf6 gxf6 17. f5 Bc7 18. Qd2 Qe7 19. Bd3 Qd6 20. Qh6 Kh8 21. Nc5 Bc8 22. Rf3 Rg8 23. Re1 b6 24. Rh3 1-0

[Event "Barcelona GM 4th"]
[Site "Barcelona"]
[Date "2021.04.13"]
[Round "9"]
[White "Perez Mitjans, Orelvis"]
[Black "Ayats Llobera, Gerard"]
[Result "1/2-1/2"]
[WhiteElo "2412"]
[BlackElo "2403"]
[PlyCount "69"]
[EventDate "2021.04.05"]
[EventType "tourn"]
[EventRounds "9"]
[EventCountry "ESP"]
[EventCategory "8"]
[SourceTitle "CBM 202 Extra"]
[Source "ChessBase"]
[SourceDate "2021.07.31"]
[SourceVersion "1"]
[SourceVersionDate "2021.07.31"]
[SourceQuality "1"]

1. e4 d6 2. d4 Nf6 3. Nc3 g6 4. Nf3 Bg7 5. Be2 0-0 6. 0-0 c6 7. a4 Nbd7 8. h3 e5 9. dxe5 Nxe5 10. Nxe5 dxe5 11. Be3 Be6 12. Qxd8 Rfxd8 13. Rfd1 a6 14. Rxd8+ Rxd8 15. Rd1 Rxd1+ 16. Bxd1 Nd7 17. Be2 Bf8 18. Kf1 Bc5 19. Bxc5 Nxc5 20. Ke1 Kf8 21. Kd2 Ke7 22. Ke3 Kd6 23. b3 b5 24. axb5 axb5 25. Nb1 f5 26. f3 f4+ 27. Kd2 g5 28. Nc3 h5 29. Nd1 Nd7 30. Nc3 Nf6 31. Nd1 g4 32. hxg4 hxg4 33. Nf2 gxf3 34. gxf3 Nd7 35. Nd3 1/2-1/2

[Event "Barcelona GM 4th"]
[Site "Barcelona"]
[Date "2021.04.12"]
[Round "8"]
[White "Gines Esteo, Pedro Antonio"]
[Black "Perez Mitjans, Orelvis"]
[Result "1/2-1/2"]
[WhiteElo "2449"]
[BlackElo "2412"]
[PlyCount "59"]
[EventDate "2021.04.05"]
[EventType "tourn"]
[EventRounds "9"]
[EventCountry "ESP"]
[EventCategory "8"]
[SourceTitle "CBM 202 Extra"]
[Source "ChessBase"]
[SourceDate "2021.07.31"]
[SourceVersion "1"]
[SourceVersionDate "2021.07.31"]
[SourceQuality "1"]

1. d4 Nf6 2. c4 g6 3. Nc3 Bg7 4. e4 d6 5. Nf3 0-0 6. h3 e5 7. d5 Nbd7 8. Bg5 a5 9. Be2 Nc5 10. Nd2 c6 11. 0-0 Bd7 12. b3 h6 13. Be3 Na6 14. a3 c5 15. Nb5 Ne8 16. f4 exf4 17. Bxf4 Qe7 18. Ra2 Nb8 19. Bg4 Bxb5 20. cxb5 h5 21. Bf3 Nd7 22. Nc4 Bd4+ 23. Kh1 Ne5 24. Nb6 Rb8 25. b4 axb4 26. axb4 Rd8 27. Rd2 Bc3 28. bxc5 Bxd2 29. Qxd2 dxc5 30. Qc3 1/2-1/2

[Event "Barcelona GM 4th"]
[Site "Barcelona"]
[Date "2021.04.10"]
[Round "6"]
[White "Valenzuela Gomez, Fernando Alberto"]
[Black "Perez Mitjans, Orelvis"]
[Result "1-0"]
[WhiteElo "2382"]
[BlackElo "2412"]
[PlyCount "119"]
[EventDate "2021.04.05"]
[EventType "tourn"]
[EventRounds "9"]
[EventCountry "ESP"]
[EventCategory "8"]
[SourceTitle "CBM 202 Extra"]
[Source "ChessBase"]
[SourceDate "2021.07.31"]
[SourceVersion "1"]
[SourceVersionDate "2021.07.31"]
[SourceQuality "1"]

1. e4 c5 2. Nf3 g6 3. d4 cxd4 4. Nxd4 Bg7 5. c4 Nf6 6. Nc3 d6 7. Be2 0-0 8. Be3 Nc6 9. 0-0 Bd7 10. h3 Nxd4 11. Bxd4 Bc6 12. Qc2 a5 13. b3 Nd7 14. Bxg7 Kxg7 15. Rfd1 Qb6 16. Nd5 Bxd5 17. exd5 f5 18. Qc3+ Ne5 19. a3 f4 20. b4 Kg8 21. c5 Qc7 22. Bg4 f3 23. Be6+ Kg7 24. g3 h5 25. Qd4 Rf6 26. h4 Qd8 27. Re1 Qe8 28. cxd6 exd6 29. Rac1 Rxe6 30. dxe6 Qxe6 31. Kh2 Kg8 32. b5 Rf8 33. Red1 Ng4+ 34. Kg1 Ne3 35. Rc7 Nf5 36. Qd5 Qxd5 37. Rxd5 Re8 38. Rd3 b6 39. Rxf3 Re1+ 40. Kg2 Rb1 41. a4 d5 42. Rb7 d4 43. Rxb6 Kg7 44. Ra6 Rb2 45. Rxa5 Ne3+ 46. Kh3 Ng4 47. Ra7+ Kg8 48. Rd7 Ne5 49. Rd8+ Kg7 50. Rf4 d3 51. Kg2 Rb3 52. Rfd4 Kf6 53. R8d6+ Ke7 54. b6 Rb2 55. a5 Ng4 56. Rxg4 Kxd6 57. Rd4+ Kc6 58. Rxd3 Ra2 59. Rb3 Kb7 60. Rb5 1-0

[Event "Barcelona GM 4th"]
[Site "Barcelona"]
[Date "2021.04.07"]
[Round "3"]
[White "Hernandez, Cristian Andres"]
[Black "Perez Mitjans, Orelvis"]
[Result "0-1"]
[WhiteElo "2357"]
[BlackElo "2412"]
[PlyCount "78"]
[EventDate "2021.04.05"]
[EventType "tourn"]
[EventRounds "9"]
[EventCountry "ESP"]
[EventCategory "8"]
[SourceTitle "CBM 202 Extra"]
[Source "ChessBase"]
[SourceDate "2021.07.31"]
[SourceVersion "1"]
[SourceVersionDate "2021.07.31"]
[SourceQuality "1"]

1. d4 d5 2. c4 Nc6 3. Nf3 Bg4 4. cxd5 Bxf3 5. gxf3 Qxd5 6. e3 e5 7. Nc3 Bb4 8. Bd2 Bxc3 9. bxc3 Qd6 10. Rb1 b6 11. f4 exf4 12. e4 Nge7 13. Qf3 Qe6 14. Qxf4 0-0 15. Bg2 Ng6 16. Qg5 Qxa2 17. 0-0 h6 18. Qe3 Na5 19. Ra1 Qe6 20. e5 Rad8 21. f4 f5 22. Be1 Ne7 23. Bh4 c6 24. Bxe7 Qxe7 25. Rxa5 bxa5 26. Bxc6 Rf6 27. Bg2 Rg6 28. Rb1 a4 29. c4 a3 30. c5 a2 31. Qb3+ Kh7 32. Qxa2 Rxd4 33. c6 Rxf4 34. Kh1 Qxe5 35. Qc2 Rh4 36. Bf3 Qe3 37. Rf1 Rf4 38. Qd1 Rc4 39. Qd5 Rc1 0-1

[Event "Barcelona GM 02"]
[Site "Barcelona"]
[Date "2021.02.23"]
[Round "8"]
[White "Perez Mitjans, Orelvis"]
[Black "Cornette, Matthieu"]
[Result "0-1"]
[WhiteElo "2419"]
[BlackElo "2555"]
[PlyCount "108"]
[EventDate "2021.02.16"]
[EventType "tourn"]
[EventRounds "9"]
[EventCountry "ESP"]
[SourceTitle "CBM 200 Extra"]
[Source "ChessBase"]
[SourceDate "2021.03.31"]
[SourceVersion "1"]
[SourceVersionDate "2021.03.31"]
[SourceQuality "1"]

1. e4 e5 2. Nf3 Nc6 3. Bb5 a6 4. Ba4 Nf6 5. d3 Bc5 6. 0-0 d6 7. Be3 b5 8. Bb3 Bxe3 9. fxe3 Na5 10. Qe1 Nxb3 11. axb3 0-0 12. Nc3 c6 13. h3 Re8 14. Ne2 d5 15. Ng3 dxe4 16. Nxe4 Nxe4 17. dxe4 c5 18. Qg3 Qe7 19. Nh4 f6 20. Rf3 Kh8 21. Raf1 Qb7 22. Nf5 Bxf5 23. exf5 Red8 24. Qg4 Rd6 25. R1f2 a5 26. Rg3 a4 27. bxa4 Rxa4 28. Qh5 Qd7 29. Rg4 Ra1+ 30. Kh2 Rdd1 31. Rh4 h6 32. Qg6 Qe7 33. e4 c4 34. Rf3 Rh1+ 35. Kg3 Ra8 36. Rg4 Re1 37. b3 Qb7 38. bxc4 bxc4 39. Rc3 Rxe4 40. Rxc4 Rxc4 41. Rxc4 Rc8 42. Rxc8+ Qxc8 43. Kh2 Kg8 44. c4 Qxc4 45. Qe8+ Kh7 46. Qg6+ Kh8 47. Qe8+ Qg8 48. Qd7 Qb8 49. Qe6 Kh7 50. Kg3 Qb4 51. Kf3 Qf4+ 52. Ke2 h5 53. Ke1 Kh6 54. Qc8 Qe4+ 0-1

[Event "Barcelona IM"]
[Site "Barcelona"]
[Date "2021.02.12"]
[Round "6"]
[White "Valenzuela Gomez, Fernando Alberto"]
[Black "Perez Mitjans, Orelvis"]
[Result "0-1"]
[WhiteElo "2378"]
[BlackElo "2419"]
[PlyCount "114"]
[EventDate "2021.02.07"]
[EventType "tourn"]
[EventRounds "9"]
[EventCountry "ESP"]
[EventCategory "2"]
[SourceTitle "CBM 200 Extra"]
[Source "ChessBase"]
[SourceDate "2021.03.31"]
[SourceVersion "1"]
[SourceVersionDate "2021.03.31"]
[SourceQuality "1"]

1. Nf3 c5 2. e4 Nc6 3. Bb5 Qc7 4. 0-0 Nf6 5. Re1 a6 6. Bxc6 dxc6 7. e5 Nd5 8. c4 Nb6 9. d4 cxd4 10. Qxd4 c5 11. Qf4 e6 12. Nc3 Be7 13. Qg4 Bf8 14. Ne4 Nxc4 15. Bf4 Bd7 16. b3 Na5 17. Nd6+ Bxd6 18. exd6 Qb6 19. Qxg7 0-0-0 20. Ne5 Nc6 21. Nxd7 Kxd7 22. Qxf7+ Kc8 23. Rxe6 Rd7 24. Qf6 Rhd8 25. Rae1 Qa5 26. Qb2 Kb8 27. Bd2 Qb5 28. Bg5 Rg8 29. Re8+ Rxe8 30. Rxe8+ Ka7 31. Bf4 Nd4 32. Re1 Qd3 33. h3 Rg7 34. Bg3 h5 35. Qb1 Rxg3 36. fxg3 Qxg3 37. Qd1 Nf3+ 38. Qxf3 Qxe1+ 39. Kh2 Qe5+ 40. Qg3 Qd4 41. h4 b5 42. d7 Qxd7 43. Qe5 Kb6 44. Qxh5 Qd6+ 45. g3 c4 46. bxc4 bxc4 47. Qf7 Qd3 48. g4 c3 49. Qb3+ Kc5 50. Qa3+ Kd4 51. h5 c2 52. Qb4+ Ke3 53. Qe1+ Kf3 54. Qh1+ Kf2 55. Qg2+ Ke1 56. Qc6 Kd2 57. Qg2+ Qe2 0-1